Managerial Economics in A Global Economy (Record no. 351487)
[ view plain ]
| 000 -LEADER | |
|---|---|
| fixed length control field | 00523nam a22001937a 4500 |
| 003 - CONTROL NUMBER IDENTIFIER | |
| control field | OSt |
| 005 - DATE AND TIME OF LATEST TRANSACTION | |
| control field | 20180116183047.0 |
| 008 - FIXED-LENGTH DATA ELEMENTS--GENERAL INFORMATION | |
| fixed length control field | 160722b xxu||||| |||| 00| 0 eng d |
| 020 ## - INTERNATIONAL STANDARD BOOK NUMBER | |
| International Standard Book Number | 9780071147149 |
| 040 ## - CATALOGING SOURCE | |
| Transcribing agency | 0 |
| 082 ## - DEWEY DECIMAL CLASSIFICATION NUMBER | |
| Classification number | 338.5024658 SAL 1996 |
| 100 ## - MAIN ENTRY--PERSONAL NAME | |
| Personal name | Dominick Salvatore |
| 245 ## - TITLE STATEMENT | |
| Title | Managerial Economics in A Global Economy |
| Statement of responsibility, etc. | Dominick Salvatore |
| 250 ## - EDITION STATEMENT | |
| Edition statement | 3rd edition |
| 260 ## - PUBLICATION, DISTRIBUTION, ETC. | |
| Place of publication, distribution, etc. | USA |
| Name of publisher, distributor, etc. | McGraw-Hill |
| 300 ## - PHYSICAL DESCRIPTION | |
| Extent | 723 p. |
| Other physical details | PB |
| 440 ## - SERIES STATEMENT/ADDED ENTRY--TITLE | |
| Title | Managerial Economics in A Global Economy |
| 942 ## - ADDED ENTRY ELEMENTS (KOHA) | |
| Source of classification or shelving scheme | |
| Koha item type | Book |
| Withdrawn status | Lost status | Source of classification or shelving scheme | Damaged status | Not for loan | Collection code | Permanent Location | Current Location | Shelving location | Date acquired | Total Checkouts | Full call number | Barcode | Date last seen | Date last checked out | Price effective from | Koha item type | Total Renewals |
|---|---|---|---|---|---|---|---|---|---|---|---|---|---|---|---|---|---|
| Central Library (CL) | Central Library (CL) | General Stacks | 07/22/2016 | 6 | 338.5024658 SAL 1996 | NBSD-2558 | 09/04/2023 | 10/12/2018 | 07/22/2016 | Book | |||||||
| Central Library (CL) | Central Library (CL) | General Stacks | 08/02/2018 | 6 | 338.5024658 SAL 1996 | NBSD-3000 | 06/17/2022 | 02/05/2022 | 08/02/2018 | Book | 7 | ||||||
| Central Library (CL) | Central Library (CL) | 03/08/2022 | 1 | 338.5024658 SAL 1996 | NBS2731 | 06/08/2022 | 03/08/2022 | 03/08/2022 | Book | 3 |
